Technical Graphics Communication /
Gorde:
| Egile nagusia: | |
|---|---|
| Beste egile batzuk: | , |
| Formatua: | Sách giấy |
| Hizkuntza: | English |
| Argitaratua: |
Boston :
McGraw-Hill,
1997.
|
| Etiketak: |
Etiketa erantsi
Etiketarik gabe, Izan zaitez lehena erregistro honi etiketa jartzen!
|
| Thư viện lưu trữ: | Thư viện Trường Đại học Đà Lạt |
|---|
| LEADER | 00677nam a2200277 4500 | ||
|---|---|---|---|
| 001 | DLU020000184 | ||
| 005 | ##19980911 | ||
| 040 | # | # | |a DLU |b vie |
| 041 | # | # | |a eng |
| 044 | # | # | |a us |
| 082 | # | # | |a 604.2 |b Tec |
| 100 | # | # | |a Bertoline, Gary R. |
| 245 | # | # | |a Technical Graphics Communication / |c Gary R. Bertoline, Eric N. Wiebe, CraigL. Miller. |
| 260 | # | # | |a Boston : |b McGraw-Hill, |c 1997. |
| 300 | # | # | |a xxx, 1127 tr.; |c 26 cm. |
| 700 | # | # | |a Miller, Craigl. |
| 700 | # | # | |a Wiebe, Eric N. |
| 992 | # | # | |a 537000 |
| 994 | # | # | |a DLU |
| 900 | # | # | |a False |
| 911 | # | # | |a Administrator |
| 925 | # | # | |a G |
| 926 | # | # | |a A |
| 927 | # | # | |a SH |
| 980 | # | # | |a Thư viện Trường Đại học Đà Lạt |